عرض عادي عرض مارك
  • برانسي، ريما أبو جابر

دخول Personal Name

عدد التسجيلات المستخدمة: 1

001 - CONTROL NUMBER

  • control field: 30223

003 - CONTROL NUMBER IDENTIFIER

  • control field: AE-AdECS

005 - DATE AND TIME OF LATEST TRANSACTION

  • control field: 20260609095336.0

008 - FIXED-LENGTH DATA ELEMENTS

  • fixed length control field: 260609|| aca||aabn | a|a d

040 ## - CATALOGING SOURCE

  • Original cataloging agency: AE-AdECS
  • Transcribing agency: AE-AdECS

100 ## - HEADING--PERSONAL NAME

  • Personal name: برانسي، ريما أبو جابر

670 ## - SOURCE DATA FOUND

  • Source citation: Work cat.: (AE-AdECS)295267: برانسي، ريما أبو جابر مؤلف., الإرداف الخلفي (الأوكسيمورون) في الشعر العربي ومساهمته في بناء المعنى =

أبوظبي، الإمارات العربية المتحدة

reference@ecssr.ae

97124044780 +

حقوق النشر © 2026 مركز الإمارات للدراسات والبحوث الاستراتيجية جميع الحقوق محفوظة